| 000 | 01886nam0a2200397 4500 | ||
|---|---|---|---|
| 001 | RU\NLR\BIBL_A\012839240 | ||
| 005 | 20221107104304.0 | ||
| 010 |
_a978-5-9287-3354-4 _97500 |
||
| 021 |
_aRU _bКН-П-21-096842 _9КН-П-21-2053 |
||
| 035 | _a(NLR Aleph) 012839240 | ||
| 035 | _a(RuMoRGB)011044718 | ||
| 090 |
_a12390411 _c12390411 |
||
| 100 | _a20220704d2021 k y0rusy50 ca | ||
| 101 | 1 |
_arus _ceng |
|
| 102 | _aRU | ||
| 105 | _aa|||z|||000ay | ||
| 181 | 0 |
_ai2 _bab2e |
|
| 181 | 0 |
_ab2 _bbb2e |
|
| 182 | 0 | _an | |
| 200 | 1 |
_aМистер Барсук и волшебное зеркало _eповесть _e[для детей 7-10 лет] _fЛи Хоббс _gперевела с английского Е. Канищева _gиллюстрации автора |
|
| 203 |
_aТекст _aИзображение _bвизуальные _cнепосредственные |
||
| 210 |
_aМосква _cЛабиринт Пресс _d2021 |
||
| 215 |
_a70, [1] с. _cил. _d23 |
||
| 225 | 1 |
_aПродолжение следует... _iМистер Барсук |
|
| 320 | _aДр. произведения авт. на 4-й с. обл. | ||
| 330 | _aНад парадной лестницей Бубль-Гранд-отеля появилось старинное зеркало. Но странное дело: в нём никто не отражается. Уж не спит ли мистер Барсук? Здесь явно кроется какая-то тайна! | ||
| 333 | _a0+ | ||
| 686 | 0 | _aШ9(82)60-4 | |
| 700 | 1 |
_7ca _8rus _aХоббс _bЛ. _f1953- _gЛи _9247324 _3RU\NLR\AUTH\770247380 |
|
| 702 | 1 |
_4440 _7ca _8rus _aХоббс _bЛ. _f1953- _gЛи _9247324 _3RU\NLR\AUTH\770247380 |
|
| 942 | _cBOOK | ||
| 980 | _aNB | ||